Dynamics of migration in kerala : (Record no. 515371)

000 -LEADER
fixed length control field 00317nam a22000977a 4500
082 ## - DEWEY DECIMAL CLASSIFICATION NUMBER
Classification number TNC B122x5453 Z11
100 ## - MAIN ENTRY--PERSONAL NAME
Personal name Zachariah, K. C.
9 (RLIN) 20789
245 ## - TITLE STATEMENT
Title Dynamics of migration in kerala :
Remainder of title Dimensions, differentials and consequences
Statement of responsibility, etc by K. C. Zachariah
260 ## - PUBLICATION, DISTRIBUTION, ETC. (IMPRINT)
Place of publication, distribution, etc New Delhi
Name of publisher, distributor, etc Orient longman
Date of publication, distribution, etc 2003
300 ## - PHYSICAL DESCRIPTION
Extent 476p.
Holdings
Withdrawn status Lost status Source of classification or shelving scheme Damaged status Koha normalized classification for sorting Not for loan Permanent location Current location Date acquired Full call number Barcode Date last seen Price effective from Koha item type
        TNC_B122X5453_Z11   Indian Institute of Public Administration Indian Institute of Public Administration 2021-01-22 TNC B122x5453 Z11 GR22532 2021-01-22 2021-01-22 GR

Powered by Koha